000 01910cam a22004697a 4500
999 _c328655
_d328655
001 14311138
003 Nust
005 20170412165427.0
008 060322s2005 enkab b 101 0 eng d
010 _a 2006273832
015 _aGBA549030 bnb
015 _aGBA549030
_2bnb
016 7 _a101258646
_2DNLM
016 7 _a013215990
_2Uk
020 _a1845640292
035 _a(OCoLC)ocm60611595
040 _aNLM
_beng
_cNLM
_dUKM
_dBAKER
_dBWKUK
_dDLC
042 _aukblsr
_anlmcopyc
_alccopycat
050 0 0 _aRA565.A2
_bI573 2005
060 0 0 _a2005 N-615
060 1 0 _aWA 30.5
_bI604e 2005
082 0 4 _a363.7 ARA
_222
111 2 _aInternational Conference on Environmental Exposure and Health
_n(1st :
_d2005 :
_cAtlanta, Ga.)
245 1 0 _aEnvironmental exposure and health /
_ceditors, M.M. Aral ... [et al.].
260 _aSouthampton ;
_aBoston :
_bWIT Press,
_cc2005.
300 _a502 p. :
_bill., maps. ;
_c24 cm.
440 0 _aSustainability
440 0 _aWIT transactions on ecology and the environment,
_x1746-448X ;
_vv. 85
500 _aConference proceedings.
501 _aH.B
504 _aIncludes bibliographical references and index.
650 0 _aEnvironmental health
_vCongresses.
650 0 _aHealth risk assessment
_vCongresses.
650 1 2 _aEnvironmental Exposure
_xstatistics & numerical data
_vCongresses.
650 1 2 _aEnvironmental Health
_xmethods
_vCongresses.
650 2 2 _aBiological Markers
_vCongresses.
650 2 2 _aHealth Status Indicators
_vCongresses.
650 2 2 _aRisk Assessment
_vCongresses.
700 1 _aAral, M. M.
_q(Mustafa M.)
856 4 1 _3Table of contents only
_uhttp://www.loc.gov/catdir/toc/fy0607/2006273832.html
906 _a7
_bcbc
_ccopycat
_d2
_encip
_f20
_gy-gencatlg
942 _2ddc
_cBK
_k363.7 ARA